New Age Public Relations / (Record no. 200875)

MARC details
000 -LEADER
fixed length control field 00549nam a22001817a 4500
005 - DATE AND TIME OF LATEST TRANSACTION
control field 20240216153544.0
010 ## - LCCN (DPL NO)
LC control number ENG-139346
020 ## - INTERNATIONAL STANDARD BOOK NUMBER
Terms of availability 850.00
International Standard Book Number 9788195846931
035 ## - SYSTEM CONTROL NUMBER
System control number EN-122878
037 ## - SOURCE OF ACQUISITION
Source of stock number/acquisition DBAD/PUB
082 ## - DEWEY DECIMAL CLASSIFICATION NUMBER
Classification number 659
100 ## - MAIN ENTRY--PERSONAL NAME
Personal name Ghosh, Subir
245 ## - TITLE STATEMENT
Title New Age Public Relations /
Statement of responsibility, etc BY Subir Ghosh
260 ## - PUBLICATION, DISTRIBUTION, ETC. (IMPRINT)
Place of publication, distribution, etc Kolkata
Name of publisher, distributor, etc Debajyoti Datta Shishu Sahitya Samsad Pvt Ltd
Date of publication, distribution, etc 2022
270 ## - ADDRESS
Address 32A Acharya Prafulla Chandra Road
City Kolkata
Postal code 700009
300 ## - PHYSICAL DESCRIPTION
Extent 316p.
Dimensions 27cm(pb)
942 ## - ADDED ENTRY ELEMENTS (KOHA)
Source of classification or shelving scheme Dewey Decimal Classification
Item type English Books
Call number suffix GHO
Classification part 659
Holdings
Withdrawn status Lost status Not for loan Collection code Home library Current library Date acquired Source of acquisition Cost, normal purchase price Full call number Barcode Cost, replacement price Koha item type
      Non-fiction Peshwa Road Peshwa Road 16/02/2024 DBAD/PUB 850.00 GHO 659 EN-122878 850.00 English Books

© Delhi Public Library
Hit Counter
free hit counter